000 00976nam a22003017a 4500
001 8288
003 FISKH
005 20250908143320.0
008 250908b cb ||||| |||| 00| 0 eng d
020 _a9780439812184
040 _aFISKH
_beng
_cFISKH
_dFISKH
050 _aPZ8.S634 H
082 _a813.54
100 _aSmall, David
_d(1945–)
245 _aHoover's bride /
_cWritten and Illustrated by David Small
250 _aThis edition first published in 2006
260 _aNew York :
_bScholastic,
_c1995
300 _a30 unnumbered pages :
_bcolor illustrations ;
_c26 cm
505 _aG
520 _aHoover's house is overrun with dust until he marries a vacuum cleaner, but he soon discovers that humans and appliances are not meant to wed.
521 8 _a400
_bLexile
521 8 _aG
_bRaz-Plus
650 _2Children's
_aCollege
650 _2Signed
_aSoftcover
700 _aSmall, Daivd
_dillustrator
942 _2ddc
_cBK
_n0
999 _c8288
_d8288